Capitales des Etats des USA - Statistiques

Statistiques générales
  • Ce quiz a été pris 95 fois
  • Le résultat moyen est 6 sur 13
Statistiques - réponses
Hint Réponse % Correct
Texas Austin
79%
Hawaii Honolulu
71%
Oklahoma Oklahoma City
70%
Colorado Denver
63%
Utah Salt Lake
63%
Louisiane Baton Rouge
60%
Tennessee Nashville
54%
Illinois Springfield
41%
Mississipi Jackson
39%
Washington Olympia
34%
Kansas Topeka
31%
Indiana Phoenix
14%
Califonie Sacremento
6%
Aucun quiz correspondant
Distribution des résultats
% des personnes avec chaque résultat
Percentile par nombre de réponses
Votre historique - résultats
Vous n’avez pas pris ce quiz